Play yourself out of House and Home - Clickable Quiz Stats

 Plays Quiz not verified by Sporcle

Score 0/20 Timer 04:00
0 Plays Today
% Correct
Home Brew
93.7%
Bring Home the bacon
93%
There's no place like Home
92.6%
Home Run
92.2%
On the House
91.5%
Boarding House
90.3%
Halfway House
90.1%
Big House
88%
Home Stretch
87.9%
Bring the House down
85.2%
% Correct
Open House
85.1%
Nothing to write home about
84.9%
Home Truth
78.4%
Feel at Home
78.2%
Call House
76%
Play away from Home
69.9%
Get on like a House on fire
67.3%
Go round the Houses
67%
Safe as Houses
64.3%
Until the cows come Home
49.5%

You're not logged in!

Compare scores with friends on all Sporcle quizzes.
OR
Log In

You Might Also Like...

Show Comments

Extras

Top Quizzes Today


Score Distribution

Your Account Isn't Verified!

In order to create a playlist on Sporcle, you need to verify the email address you used during registration. Go to your Sporcle Settings to finish the process.

Report this User

Report this user for behavior that violates our Community Guidelines.

Details: